01754nam a2200241Ia 4500001000600000003000900006008004100015040001300056040001300069041001300082100002500095100002900120245004300149245004300192250001100235260001100246260002000257260004900277300005600326500107000382650002901452650003101481H9727IT-RoPAU130308s9999 xx 000 0 und d aIT-RoPAU cIT-RoPAU aITALIANO aScicluna Hannibal P. gCodice Aut. SPICS: 59924 aChiesa di S. Giovanni in Valletta (La) bChiesa di S. Giovanni in Valletta (La) a1a ed. a MALTA bCasa M. Danesi  c1955 [1° Ed.:1955 - Ed.Ling.Originale:1955] a"487 p. (prefazione: 53; testo: 434 [pagine: 0-0])" a"Introduzione Storia: Origine e Organizzazione; Costruzione di una Nuova Citta'; Decadenza dell'ordine e Sue Cause; Ordine Ai Nostri Giorni. Ii Chiesadi San Giovanni in Valletta: impressioni di un Architetto; Architettura della Chiesa; Cappelle delle Lingue, Loro Assegnazione e Uso; Mausolei dei Grandi Maestri. III Chiesa e Sue Opere d'arte : Cappella di S. Michele Lingua di Provenza; Cappella S. Sebastiano Lingua di Alvernia; Cappella S. Palo Lingua di Francia; Cappella S. Caterina Lingua D'Italia; Cappella S. Giorgio Lingua di Aragona; Cappella dell'Epifania Lingua di Allemagna; Cappella S. Giacomo Lingua di Castiglia; Cappella di S. Carlo Borromeo Lingua Anglo Bavarese; 3 Reliquie Storiche; Cappella della Madonna di Filermos; Notevole Oratorio della Chiesa; Cappelle o Atrii Porte di Alvernia, del Cimitero, dell'Oratorio e della Sacrestia; Cappella Santo Crocifisso nella Cripta dei Grandi Maestri; Cripte di Bartolott; Cappella Ardente dei gran Maestri. Bibliografia. Due piante e 760 Illustrazioni di Cui 50 a Colori. copia N. 262 su 500 Esemplari." aSTORIA DELLE ARTI VISIVE eCodice materia Spics: 5008